|
|
|
|
| LEADER |
01023nam a2200253 a 4500 |
| 001 |
2797865 |
| 008 |
100324s1980 sz a b i000 0 eng d |
| 999 |
|
|
|c 7869
|d 7869
|
| 010 |
|
|
|a \\\81194977
|
| 020 |
|
|
|a 9221020541 (pbk.) :
|c 15.00F
|
| 040 |
|
|
|a DLC
|c DLC
|d DLC
|d BD-DhAAL
|
| 082 |
0 |
0 |
|a 305.420951
|2 19
|
| 100 |
1 |
|
|a Croll, Elisabeth,
|d 1944-2007.
|9 31367
|
| 245 |
1 |
0 |
|a Women in rural development :
|b the People's Republic of China /
|c Elisabeth Croll.
|
| 260 |
|
|
|a Geneva :
|b International Labour Office,
|c 1980.
|
| 300 |
|
|
|a 61 p. :
|b ill. ;
|c 24 cm.
|
| 504 |
|
|
|a Includes bibliographical references.
|
| 541 |
1 |
|
|e 00000084
|
| 650 |
|
0 |
|a Women in rural development
|z China.
|9 31368
|
| 650 |
|
0 |
|a Rural women
|x Employment
|z China.
|9 31369
|
| 650 |
|
0 |
|a Sex discrimination in employment
|z China.
|9 31370
|
| 852 |
4 |
|
|a Ayesha Abed Library
|j General Shelf
|
| 942 |
|
|
|2 ddc
|c BK
|
| 952 |
|
|
|0 0
|1 0
|2 ddc
|4 0
|6 305_420951000000000_CRO_1980
|7 0
|9 8800
|a BRACUL
|b BRACUL
|c GEN
|d 2010-03-25
|g 135.00
|l 0
|o 305.420951 CRO
|p 3010000084
|r 2010-03-25
|t 1
|w 2010-03-25
|y BK
|